For the common good (Record no. 516033)

000 -LEADER
fixed length control field 00305nam a2200109 4500
082 ## - DEWEY DECIMAL CLASSIFICATION NUMBER
Classification number TNC I51 K29
100 ## - MAIN ENTRY--PERSONAL NAME
Personal name Knapp, John, G. Charter, Jimmy.
9 (RLIN) 22335
245 ## - TITLE STATEMENT
Title For the common good
260 ## - PUBLICATION, DISTRIBUTION, ETC. (IMPRINT)
Place of publication, distribution, etc London
Name of publisher, distributor, etc Praeger
Date of publication, distribution, etc 2007
300 ## - PHYSICAL DESCRIPTION
Extent 174p,
650 ## - SUBJECT ADDED ENTRY--TOPICAL TERM
Topical term or geographic name as entry element Leadership – Moral and ethical aspects
9 (RLIN) 22336
Holdings
Withdrawn status Lost status Source of classification or shelving scheme Damaged status Koha normalized classification for sorting Not for loan Permanent location Current location Date acquired Full call number Barcode Date last seen Price effective from Koha item type
        TNC_I51_K29   Indian Institute of Public Administration Indian Institute of Public Administration 2021-02-16 TNC I51 K29 GR22769 2021-02-16 2021-02-16 GR

Powered by Koha